Všechny náhody mého života /

Hlavní autor: Dvořák, Vladimír, 1925-1999
Další autoři: Bohdalová, Jiřina, 1931-
Jazyk: Čeština
Vydáno: Praha : Československý spisovatel, 2010
Vydání: Vyd. 2., V nakl. Československý spisovatel 1.
Témata:
Externí odkaz: Digitalizovaný dokument
Fyzický popis: 228 s., [24] s. obr. příl. : il., portréty ; 21 cm
Knihy
Uloženo v:
LEADER 01973nam a2200493 a 4500
001 nkc20102155458
003 CZ PrNK
005 20110208080842.0
007 ta
008 101222s2010 xr acf e 000 1acze
015 |a cnb002155458 
020 |a 978-80-87391-64-8  |q (brož.) 
035 |a (OCoLC)703550692 
040 |a ABA001  |b cze 
043 |a e-xr--- 
045 |a x2x9 
072 7 |a 791/793  |x Divadlo, film, tanec (obecně)  |2 Konspekt  |9 3 
072 7 |a 929  |x Biografie  |2 Konspekt  |9 8 
080 |a 929  |2 MRF 
080 |a 070.42:654.198  |2 MRF 
080 |a 7.097  |2 MRF 
080 |a (437.3)  |2 MRF 
080 |a (0:82-94)  |2 MRF 
100 1 |a Dvořák, Vladimír,  |d 1925-1999  |7 jk01030209  |4 aut 
245 1 0 |a Všechny náhody mého života /  |c Vladimír Dvořák ; se vzpomínkou herecké kolegyně a kamarádky Jiřiny Bohdalové 
250 |a Vyd. 2., V nakl. Československý spisovatel 1. 
260 |a Praha :  |b Československý spisovatel,  |c 2010 
300 |a 228 s., [24] s. obr. příl. :  |b il., portréty ;  |c 21 cm 
600 1 7 |a Dvořák, Vladimír,  |d 1925-1999  |7 jk01030209  |2 czenas 
648 4 |a 1925-1999 
648 7 |a 20. století  |7 ch460558  |2 czenas 
650 0 7 |a televizní moderátoři  |7 ph126512  |z Česko  |y 20. století  |2 czenas 
650 0 7 |a televizní pořady  |7 ph126513  |z Česko  |y 20. století  |2 czenas 
650 0 9 |a television journalists  |z Czechia  |y 20th century  |2 eczenas 
650 0 9 |a television programs  |z Czechia  |y 20th century  |2 eczenas 
655 7 |a autobiografické vzpomínky  |7 fd131854  |2 czenas 
655 9 |a autobiographical reminiscences  |2 eczenas 
700 1 |a Bohdalová, Jiřina,  |d 1931-  |7 jn19981000297  |4 wfw 
856 4 1 |u http://www.digitalniknihovna.cz/mzk/uuid/uuid:b5fddaf0-25f8-11e8-baf9-005056827e52  |y Digitalizovaný dokument  |x NDK 
910 2 |a BOA001  |b 2-1256.191 
990 |a BK 
995 |a 01 
991 |b 201101  |c NOV  |e n 
996 6 |b 2610459179  |c 2-1256.191  |l MZK  |r Sklad / do 1 hodiny  |n 3  |p p.v.  |w 001162839  |u 000010  |a 1  |e BOA001  |j MZK50  |s P